000 00293nam a22001337a 4500
008 181022b xxu||||| |||| 00| 0 eng d
020 _a9780395433508
041 _aeng
080 _a338
100 _a59
101 _aKON
245 _aPrinciples Accouting
_cNeedles. A
942 _2udc
_cBK
999 _c50445
_d50445